00341nam a2200133Ia 4500001000400000002003800004008003700042010001100079590002300090650003400113650002100147942002000168999001900188IA_CONTABILIDAD DE COSTOS : PRIMER CURSO220117s xx 000 0 und d a181650 aHF5686.C8 R49 1988 aContabilidad de costos927425 aCostos 9145513 c657.42 R49 1988 c181650d181650